000 00273nam a2200121 a 4500
008 101022s1987|||| d
100 1 _aLászlová, Karin
245 1 0 _aZhubné ilúzie
260 _bOsveta
_aMatrin
_c1987
020 _c12
041 _aslo
044 _axo
_cSK
999 _c12040
_d12040